Catholic University of Zimbabwe Library
Online Public Access Catalogue
(OPAC)

Disciplinary Conquest (Record no. 32244)

MARC details
000 -LEADER
fixed length control field 02610nam a22004097a 4500
001 - CONTROL NUMBER
control field 103402
003 - CONTROL NUMBER IDENTIFIER
control field KnowledgeUnlatched
005 - DATE AND TIME OF LATEST TRANSACTION
control field 20210303104645.0
006 - FIXED-LENGTH DATA ELEMENTS--ADDITIONAL MATERIAL CHARACTERISTICS
fixed length control field m o d
007 - PHYSICAL DESCRIPTION FIXED FIELD--GENERAL INFORMATION
fixed length control field cr u||||||||||
008 - FIXED-LENGTH DATA ELEMENTS--GENERAL INFORMATION
fixed length control field 210129p20162017ncu o u00| u eng d
035 ## - SYSTEM CONTROL NUMBER
System control number (OCoLC)938755638
037 ## - SOURCE OF ACQUISITION
Institution to which field applies BiblioBoard
020 ## - INTERNATIONAL STANDARD BOOK NUMBER
International Standard Book Number 9781478091219
029 1# - OTHER SYSTEM CONTROL NUMBER (OCLC)
OCLC library identifier https://library.biblioboard.com/ext/api/media/2ba38f1a-cfdc-46ca-9edf-9572fb6afbfb/assets/thumbnail.jpg
040 ## - CATALOGING SOURCE
Original cataloging agency ScCtBLL
Transcribing agency ScCtBLL
100 1# - MAIN ENTRY--PERSONAL NAME
Personal name Salvatore, Ricardo D.
Relator term author.
245 00 - TITLE STATEMENT
Title Disciplinary Conquest
Remainder of title U.S. Scholars in South America, 1900-1945 /
Statement of responsibility, etc. Ricardo D. Salvatore.
264 #1 - PRODUCTION, PUBLICATION, DISTRIBUTION, MANUFACTURE, AND COPYRIGHT NOTICE
Name of producer, publisher, distributor, manufacturer Duke University Press,
300 ## - PHYSICAL DESCRIPTION
Extent 1 online resource (344 p.)
490 1# - SERIES STATEMENT
Series statement American Encounters/Global Interactions
506 0# - RESTRICTIONS ON ACCESS NOTE
Terms governing access Access copy available to the general public.
Standardized terminology for access restriction Unrestricted
Source of term star
520 ## - SUMMARY, ETC.
Summary, etc. In Disciplinary Conquest Ricardo D. Salvatore rewrites the origin story of Latin American studies by tracing the discipline's roots back to the first half of the twentieth century. Salvatore focuses on the work of five representative U.S. scholars of South America-historian Clarence Haring, geographer Isaiah Bowman, political scientist Leo Rowe, sociologist Edward Ross, and archaeologist Hiram Bingham-to show how Latin American studies was allied with U.S. business and foreign policy interests. Diplomats, policy makers, business investors, and the American public used the knowledge these and other scholars gathered to build an informal empire that fostered the growth of U.S. economic, technological, and cultural hegemony throughout the hemisphere. Tying the drive to know South America to the specialization and rise of Latin American studies, Salvatore shows how the disciplinary conquest of South America affirmed a new mode of American imperial engagement.
588 0# - SOURCE OF DESCRIPTION NOTE
Source of description note Description based on print version record.
590 ## - LOCAL NOTE (RLIN)
Local note Knowledge Unlatched Round 2
650 #7 - SUBJECT ADDED ENTRY--TOPICAL TERM
Topical term or geographic name entry element History / Latin America
Source of heading or term bisacsh
650 #7 - SUBJECT ADDED ENTRY--TOPICAL TERM
Topical term or geographic name entry element History
Source of heading or term bisacsh
650 #7 - SUBJECT ADDED ENTRY--TOPICAL TERM
Topical term or geographic name entry element Political Science
Source of heading or term bisacsh
650 #0 - SUBJECT ADDED ENTRY--TOPICAL TERM
Topical term or geographic name entry element History
655 #0 - INDEX TERM--GENRE/FORM
Genre/form data or focus term Electronic books.
758 ## -
-- Is found in:
-- Knowledge Unlatched Round 2
-- https://openresearchlibrary.org/module/7e500862-ce21-4888-8253-ce0c16e934e3
830 0# - SERIES ADDED ENTRY--UNIFORM TITLE
Uniform title American Encounters/Global Interactions
856 40 - ELECTRONIC LOCATION AND ACCESS
Uniform Resource Identifier <a href="https://openresearchlibrary.org/content/2ba38f1a-cfdc-46ca-9edf-9572fb6afbfb">https://openresearchlibrary.org/content/2ba38f1a-cfdc-46ca-9edf-9572fb6afbfb</a>
Public note View this content on Open Research Library.
-- 0
Holdings
Withdrawn status Lost status Source of classification or shelving scheme Damaged status Not for loan Home library Current library Shelving location Date acquired Total Checkouts Date last seen Uniform Resource Identifier Price effective from Koha item type
          Digital Library Digital Library Online Access 03.03.2021   03.03.2021 https://openresearchlibrary.org/content/2ba38f1a-cfdc-46ca-9edf-9572fb6afbfb 03.03.2021 eBook

OPENING HOURS

Weekdays: 0815hrs - 1800hrs
Weekends:0900hrs - 1200hrs

Closed for Mass:

Mon, Thur: 1200hrs - 1300hrs
Sunday & Public Holiday’s

CALL SUPPORT

0242-570570, 0242-570169
09200664, +263 8644140602

LOCATION

18443, Cranborne Avenue, Hatfield, Harare

Other Links


©2021 | CUZ Library